Statistics for London Underground Metropolitan Line Stations

Click here to take the quiz!

General Stats

  • This quiz has been taken 315 times
  • The average score is 27 of 34

Answer Stats

Answer % Correct
King's Cross St Pancras
95%
Aldgate
93%
Baker Street
93%
Liverpool Street
91%
Amersham
91%
Farringdon
88%
Harrow-on-the-Hill
88%
Euston Square
88%
Barbican
87%
Watford
86%
Chesham
86%
Moorgate
85%
Great Portland Street
85%
Wembley Park
85%
Uxbridge
82%
Finchley Road
79%
Pinner
77%
North Harrow
76%
Chalfont & Latimer
74%
Northwood
74%
Rickmansworth
74%
Ruislip
74%
West Harrow
74%
Northwood Hills
73%
Northwick Park
71%
Croxley
70%
Preston Road
69%
Hillingdon
69%
Chorleywood
69%
Rayners Lane
69%
Ruislip Manor
67%
Moor Park
67%
Ickenham
62%
Eastcote
59%

Score Distribution

Percentile by Number Answered

Percent of People with Each Score

Your Score History

You have not taken this quiz